000 00868cam a2200289 a 4500
001 4297338
003 JO-AjAnu
005 20240429111007.0
008 860814s1987 nyua b 001 0 eng
010 _a 86020903
020 _a0070226210
040 _aDLC
_cDLC
_dJO-AjAnu
_beng
041 _aeng
_heng
050 0 0 _aHG4521
_b.F87 1987
082 0 0 _a332.6
_219
100 1 _aFuller, Russell J.
245 1 0 _aModern investments and security analysis /
_cRussell J. Fuller, James L. Farrell, Jr.
260 _aNew York :
_bMcGraw-Hill,
_cc1987.
300 _axxi, 666 p. :
_bill. ;
_c25 cm.
440 0 _aMcGraw-Hill series in finance
504 _aIncludes bibliographies and index.
650 0 _aInvestments.
650 0 _aSecurities.
700 1 _aFarrell, James L.,
_cJr.
906 _a7
_bcbc
_corignew
_d1
_eocip
_f19
_gy-gencatlg
942 _2lcc
_cBK
_n0
999 _c33467
_d33467